00505nam a2200193 a 4500001001300000003000900013005001700022008004100039020001000080082001600090100002500106245002700131260003700158300000900195500003500204505002700239650002000266700002500286nice12345678IN_TiNIC20260116011508.0050524s1967 laha grp 000 0 urd  ac10000a297.2bPAR1 aParviz, Ghulam Ahmad aJehad Ka Sahih Mafhoom aLahorebIdara Tulu-E-Islamc1967 a151p aincludes index and biblioraphy2 aAppendix, Bibliography aIslam-Doctrines1 aParviz, Ghulam Ahmad